| 000 | 01108nam a22002537a 4500 | ||
|---|---|---|---|
| 001 | 121347 | ||
| 008 | 230201s2020 xxk|||||o|||| 00| 0 eng d | ||
| 020 | _a978178324068 | ||
| 041 | _aeng | ||
| 110 | _aRoyal Institution of Chartered Surveyors | ||
| 245 |
_aCost prediction _bRICS Professional Statement _h[Electronic resource] |
||
| 250 | _a1st | ||
| 260 |
_aLondon, _bRoyal Institution of Chartered Surveyors, _cNovember 2020 |
||
| 300 | _a56p | ||
| 490 | _aRICS Professional Statement | ||
| 520 | _aThis professional statement provides an overview of global best practice in cost prediction and the implementation of international construction measurement standards (ICMS) for cost management professionals. | ||
| 650 | _aCOSTS | ||
| 651 | _aInternational | ||
| 690 |
_96230 _aConstruction management |
||
| 700 | _aJewell, Carol | ||
| 710 | _aRoyal Institution of Chartered Surveyors | ||
| 856 |
_uhttps://www.rics.org/uk/upholding-professional-standards/sector-standards/construction/rics-cost-prediction-professional-statement-global-1st-edition/ _zAvailable free on RICS.org |
||
| 942 | _n0 | ||
| 999 |
_c121347 _d121347 |
||